000 01206nmc a2200421 a 4500
003 AR-BaBNM
005 20251128203938.0
008 135119s1995 ||||||||||||||000 | spa||
020 _a84-7880-352-1
040 _cAR-BaBNM
100 1 _aTierno, Bernabe
245 1 0 _aLas mejores técnicas de estudio
_bsaber leer, tomar apuntes y preparar exámenes
250 _a5ª ed.
260 _aMadrid
_bEdiciones Temas de Hoy
_c1995
300 0 _a255 p.
_bil.
490 0 _a¿Estudias o trabajas?
500 0 _aContiene al final de cada capítulo un resumen
504 _aBibliografía p. 249-255
650 4 _aAPRENDIZAJE
650 4 _aMETODOS DE ESTUDIO
650 4 _aLECTURA
650 4 _aPROCESO DE LECTURA
650 4 _aANALISIS DE CONTENIDO
650 4 _aOBJETIVOS EDUCACIONALES
650 4 _aEVALUACION CONTINUA
650 4 _aAUTOEVALUACION
650 4 _aATENCION
650 4 _aINTERES
650 4 _aAPRENDIZAJE DE MEMORIA
650 4 _aMEMORIZACION
650 4 _aENSENANZA UNIVERSITARIA
650 4 _aCAPACIDAD
653 0 _aCOMPRENSION LECTORA
653 0 _aEDUCACION GENERAL BASICA
800 1 _aGonzález López, Luis
_edirector
942 _cBK
998 _cCarmen
999 _c5570
_d5570